Phoebe Bridgers - Discography - Statistics

General Stats
  • This quiz has been taken 408 times
    325 since last reset
  • The average score is 27 of 53
Answer Stats
Hint Answer % Correct
11. I Know The End
90%
2. Motion Sickness
89%
13. (Demo) Motion Sickness
89%
4. Punisher
89%
3. Kyoto
85%
5. Scott Street
83%
1. Smoke Signals
80%
11. (Reprise) Smoke Signals
80%
2. Garden Song
79%
7. Georgia
79%
7. Moon Song
79%
3. Funeral
77%
10. Graceland Too
76%
1. DVD Menu
72%
6. Chinese Satellite
71%
10. You Missed My Heart
71%
9. ICU
70%
4. Demi Moore
68%
5. Halloween
67%
(Lost Ark) Waiting Room
67%
6. Killer
66%
(Noah Gundersen, Abby Gundersen) Killer + The Sound
65%
(Taylor Swift) Nothing New
65%
8. Savior Complex
65%
8. Chelsea
64%
(🎄Single) So Much Wine
61%
(Manchester Orchestra) The Gold
60%
9. Would You Rather
54%
12. (Bonus Track) It'll All Workout
52%
(Single) Sidelines
51%
(🎄Fiona Apple, Matt Berninger) 7 O'Clock News / Silent Night
43%
(🎄Single) If We Make It Through December
40%
(MUNA) Silk Chiffon
40%
(🎄Single) Christmas Song
35%
(Single, Spotify Singles) Summer's End
35%
(Single) That Funny Feeling
35%
(Single) That Funny Feeling
35%
(🎄Single) Have Yourself A Merry Little Christmas
30%
(🎄Single) Day After Tomorrow
28%
(Single, Minions) Goodbye to Love
28%
(Single, Spotify Studios) Friday I'm In Love
27%
(Sloppy Jane) Claw Machine
24%
(Ye Vagabonds) The Parting Glass
19%
(Single) Nothing Else Matters
16%
(Single) Georgia Lee
14%
(Single) Walking on a String
12%
(Single) Prayer in Open D
11%
(The National) Laugh Track
10%
(The National) Your Mind Is Not Your Friend
9%
(Paul McCartney) Seize The Day
7%
(Ethan Gruska) Enough for Now
6%
(The National) This Isn't Helping
6%
(Storefront Church Words
5%
No matching quizzes found
Score Distribution
Percent of People with Each Score
Percentile by Number Answered
Your Score History
You have not taken this quiz since the last reset